Web services : (Record no. 189985)

MARC details
000 -LEADER
fixed length control field 00931nam a2200277Ia 4500
005 - DATE AND TIME OF LATEST TRANSACTION
control field 20230706101012.0
008 - FIXED-LENGTH DATA ELEMENTS--GENERAL INFORMATION
fixed length control field 210716s2009 xx 000 0 und d
020 ## - INTERNATIONAL STANDARD BOOK NUMBER
International Standard Book Number 9788184891706
040 ## - CATALOGING SOURCE
Transcribing agency AIMIT LIBRARY
041 ## - LANGUAGE CODE
Language code of text/sound track or separate title eng
082 ## - DEWEY DECIMAL CLASSIFICATION NUMBER
Classification number 004.6031
Edition number 1
Item number ALOG
100 ## - MAIN ENTRY--PERSONAL NAME
Personal name Alonso, Gustavo.
9 (RLIN) 125706
245 ## - TITLE STATEMENT
Title Web services :
Remainder of title concepts architectures and applications /
Statement of responsibility, etc. By Gustavo Alonso...[et.al.] Series Editors Carey, M J and S Ceri.
250 ## - EDITION STATEMENT
Edition statement 1
260 ## - PUBLICATION, DISTRIBUTION, ETC.
Place of publication, distribution, etc. New Delhi
Name of publisher, distributor, etc. Springer
Date of publication, distribution, etc. 2009
300 ## - PHYSICAL DESCRIPTION
Extent xiv,354p. ;
Other physical details PB
Accompanying material 22.5 cm
650 ## - SUBJECT ADDED ENTRY--TOPICAL TERM
Topical term or geographic name entry element Conventional middleware
9 (RLIN) 125707
650 ## - SUBJECT ADDED ENTRY--TOPICAL TERM
Topical term or geographic name entry element Web services
9 (RLIN) 125708
650 ## - SUBJECT ADDED ENTRY--TOPICAL TERM
Topical term or geographic name entry element Service composition
9 (RLIN) 125709
700 ## - ADDED ENTRY--PERSONAL NAME
Personal name Casati, Fabio.
9 (RLIN) 125710
700 ## - ADDED ENTRY--PERSONAL NAME
Personal name Kuno, Harumi.
9 (RLIN) 125711
700 ## - ADDED ENTRY--PERSONAL NAME
Personal name Machiraju, Vijay.
9 (RLIN) 125712
700 ## - ADDED ENTRY--PERSONAL NAME
Personal name M J Carey.
Relator term Series Editors
9 (RLIN) 125713
700 ## - ADDED ENTRY--PERSONAL NAME
Personal name Ceri, S.
Relator term Series editors
9 (RLIN) 125714
942 ## - ADDED ENTRY ELEMENTS (KOHA)
Source of classification or shelving scheme Dewey Decimal Classification
Koha item type Book
Edition 1st
Call number prefix 004.6031 ALOG
Holdings
Withdrawn status Lost status Source of classification or shelving scheme Damaged status Not for loan Collection code Home library Current library Source of acquisition Cost, normal purchase price Inventory number Total Checkouts Full call number Barcode Date last seen Cost, replacement price Price effective from Koha item type
    Dewey Decimal Classification     MCA St Aloysius Institute of Management & Information Technology St Aloysius Institute of Management & Information Technology Athulya Books 595.00 Bill no:ABK 439; Bill dt:2009-11   004.6031 ALOG MCA09493 07/21/2025 446.25 07/16/2021 Book
    Dewey Decimal Classification     MCA St Aloysius Institute of Management & Information Technology St Aloysius Institute of Management & Information Technology Knowledge World 595.00 Bill no:1185; Bill dt:2012-01-27   004.6031 ALOG MCA11577 07/21/2025 446.25 07/16/2021 Book